| 000 -LEADER |
| fixed length control field |
00505nam a22001691a 4500 |
| 020 ## - INTERNATIONAL STANDARD BOOK NUMBER |
| ISBN |
9788193036846 |
| 082 ## - DEWEY DECIMAL CLASSIFICATION NUMBER |
| Classification number |
M09 |
| Item number |
ULL/K.1 |
| 100 ## - MAIN ENTRY--AUTHOR NAME |
| Personal name |
Ulloor S Parameswara Iyer |
| 245 ## - TITLE STATEMENT |
| Title |
Kerala sahithya charithram (v.1)/ |
| Statement of responsibility, etc |
by Ulloor S Parameswara Iyer |
| 250 ## - EDITION STATEMENT |
| Edition statement |
6th. |
| 260 ## - PUBLICATION, DISTRIBUTION, ETC. (IMPRINT) |
| Place of publication |
Thiruvananthapuram: |
| Name of publisher |
Department of Publication, University of Kerala, |
| Year of publication |
2015. |
| 300 ## - PHYSICAL DESCRIPTION |
| Number of Pages |
1070p/ |
| 650 ## - SUBJECT ADDED ENTRY--TOPICAL TERM |
| Topical Term |
Literature Malayalam History |
| 650 ## - SUBJECT ADDED ENTRY--TOPICAL TERM |
| Topical Term |
Literature Malayalam |
| 650 ## - SUBJECT ADDED ENTRY--TOPICAL TERM |
| Topical Term |
Literature |
| 942 ## - ADDED ENTRY ELEMENTS (KOHA) |
| Koha item type |
Book |